Sports Quiz

Random Sports Quiz

1968 Starting Pitchers Quiz Stats

 Plays Quiz not verified by Sporcle

Score 0/187 Timer 15:00
0 Plays Today
Team Player % Correct
CardinalsBob Gibson
98.8%
TigersDenny McLain
96.8%
AthleticsCatfish Hunter
96.8%
CardinalsSteve Carlton
95.6%
GiantsGaylord Perry
95.6%
TwinsJim Perry
95.6%
MetsTom Seaver
95.2%
TigersMickey Lolich
94.8%
CubsFerguson Jenkins
94.8%
GiantsJuan Marichal
94%
CubsJoe Niekro
94%
BravesPhil Niekro
94%
DodgersDon Drysdale
94%
IndiansLuis Tiant
91.6%
OriolesDave McNally
90.4%
White SoxTommy John
90%
MetsJerry Koosman
88.8%
MetsNolan Ryan
88.8%
AstrosMike Cuellar
88.4%
TigersEarl Wilson
87.6%
AstrosDon Wilson
87.6%
Red SoxJim Lonborg
87.1%
DodgersDon Sutton
86.7%
IndiansSam McDowell
85.1%
BravesKen Johnson
84.7%
PhilliesJerry Johnson
84.7%
YankeesMel Stottlemyre
84.3%
TwinsJim Kaat
81.1%
PhilliesLarry Jackson
79.9%
PhilliesGrant Jackson
79.9%
MetsAl Jackson
79.9%
AthleticsBlue Moon Odom
79.5%
CubsKen Holtzman
78.7%
PiratesJim Bunning
77.1%
AstrosLarry Dierker
76.7%
TigersPat Dobson
75.9%
AthleticsChuck Dobson
75.9%
PiratesSteve Blass
75.9%
White SoxGary Peters
75.5%
RedsJim Maloney
75.1%
White SoxWilbur Wood
74.7%
PiratesDock Ellis
74.3%
TwinsDean Chance
74.3%
AngelsSammy Ellis
74.3%
YankeesFritz Peterson
73.5%
RedsMilt Pappas
72.3%
BravesMilt Pappas
72.3%
DodgersMudcat Grant
71.9%
PhilliesRick Wise
71.9%
DodgersClaude Osteen
71.5%
PhilliesChris Short
71.5%
CardinalsNelson Briles
70.7%
YankeesStan Bahnsen
70.7%
PiratesBob Veale
70.7%
IndiansStan Williams
69.9%
YankeesAl Downing
69.9%
RedsGary Nolan
69.1%
GiantsMike McCormick
67.9%
AngelsAndy Messersmith
67.9%
DodgersBill SInger
67.1%
SenatorsCamilo Pascual
65.9%
White SoxJoe Horlen
65.5%
Red SoxGary Bell
64.7%
Team Player % Correct
YankeesJim Bouton
63.9%
CubsBill Hands
63.5%
TwinsJim Merritt
63.5%
TigersJoe Sparma
63.1%
IndiansSonny Siebert
63.1%
BravesGeorge Stone
62.7%
OriolesTom Phoebus
62.2%
GiantsRay Sadecki
61.4%
Red SoxRay Culp
61.4%
RedsBob Lee
60.6%
CardinalsRay Washburn
59.8%
YankeesSteve Barber
59.8%
DodgersMike Kekich
58.2%
AngelsClyde Wright
58.2%
PiratesBob Moose
57.4%
SenatorsJoe Coleman
57%
Red SoxDick Ellsworth
56.2%
Red SoxJose Santiago
56.2%
BravesRon Reed
56.2%
SenatorsDick Bosman
55.8%
TigersJohn Hiller
55.4%
OriolesJim Hardin
55.4%
IndiansSteve Hargan
55.4%
PiratesLuke Walker
55%
BravesPat Jarvis
54.6%
GiantsBobby Bolin
54.2%
TwinsDave Boswell
54.2%
MetsDon Cardwell
54.2%
CardinalsDick Hughes
53.4%
CardinalsMel Nelson
53.4%
CardinalsMike Torrez
53.4%
OriolesRoger Nelson
53.4%
TwinsTom Hall
53%
OriolesWally Bunker
52.6%
MetsJim McAndrew
52.6%
RedsTony Cloninger
52.2%
BravesTony Cloninger
52.2%
PhilliesWoodie Fryman
51.4%
YankeesBill Monbouquette
51%
DodgersJack Billingham
51%
AngelsJim McGlothlin
50.6%
White SoxJack Fisher
49.8%
AngelsGeorge Brunet
49.4%
OriolesBruce Howard
48.6%
AthleticsJim Nash
48.6%
PhilliesJeff James
48.6%
AstrosDave Giusti
48.6%
SenatorsBruce Howard
48.6%
AthleticsLew Krausse
48.2%
TigersLes Cain
47.8%
CardinalsLarry Jaster
47.4%
OriolesGene Brabender
47.4%
CubsRich Nye
47.4%
RedsGeorge Culver
47.4%
YankeesFred Talbot
47.4%
AngelsRickey Clark
47.4%
AngelsJack Hamilton
47.4%
SenatorsBarry Moore
47%
AstrosDenny Lemaster
46.2%
IndiansMike Paul
45.8%
Red SoxGary Waslewski
45.8%
TwinsBuzz Stephen
45.8%
GiantsRich Robertson
45.4%
Team Player % Correct
RedsClay Carroll
45.4%
AthleticsTony Pierce
45.4%
Red SoxJuan Pizzaro
45%
RedsMel Queen
45%
OriolesDave Leonhard
44.6%
GiantsRon Herbel
44.6%
Red SoxLee Stange
44.6%
AthleticsPaul Lindblad
44.6%
DodgersAlan Foster
44.6%
AstrosWade Blasingame
44.6%
Red SoxJerry Stephenson
44.2%
PiratesAl McBean
44.2%
MetsDanny Frisella
44.2%
MetsCal Koonce
44.2%
MetsLes Rohr
44.2%
AngelsTom Murphy
44.2%
MetsDick Selma
43.8%
AstrosJim Ray
43.8%
RedsGerry Arrigo
43.4%
SenatorsPaul Ortega
43.4%
PiratesTommie Sisk
43%
TwinsDanny Morris
43%
CubsArchie Reynolds
42.6%
White SoxCisco Carlos
42.2%
OriolesMike Adamson
41.8%
IndiansVincente Romo
41.8%
BravesDick Kelley
41.8%
AngelsMarty Pattin
41.8%
TigersDaryl Paterson
41.4%
Red SoxBill Landis
41.4%
Red SoxDave Morehead
41.4%
YankeesJoe Verbanic
41.4%
TwinsJim Roland
41.4%
BravesJim Britton
41%
AngelsDennis Bennett
41%
SenatorsJim Hannan
41%
IndiansHoratio Pina
40.6%
RedsBilly McCool
40.6%
DodgersJohn Purdin
40.2%
White SoxBob Priddy
39.8%
DodgersJoe Moeller
39.4%
AstrosDanny Coombs
39.4%
White SoxJerry Nyman
39%
CubsGary Ross
38.6%
AthleticsEd Sprague
38.2%
AngelsBill Harrelson
38.2%
GiantsBill Henry
37.3%
CubsDarcy Fast
37.3%
CubsFrank Reberger
37.3%
White SoxDanny Lazar
37.3%
RedsJohn Tsitouris
36.5%
SenatorsFrank Bertaina
36.5%
AthleticsWarren Bogle
36.1%
AstrosJim Buzhardt
35.7%
AngelsTom Burgmeier
34.5%
TwinsCesar Tovar
32.5%
IndiansSteve Bailey
32.1%
BravesAl Santorini
29.7%
SenatorsGary Schoen
28.9%
TwinsRon Keller
27.7%
RedsJay Ritchie
23.3%

You're not logged in!

Compare scores with friends on all Sporcle quizzes.
OR
Log In

Show Comments

Extras

Created Nov 22, 2010ReportNominate
Tags:1968, pitchers, player, start, starting, team, win

Top Quizzes Today


Score Distribution

Your Account Isn't Verified!

In order to create a playlist on Sporcle, you need to verify the email address you used during registration. Go to your Sporcle Settings to finish the process.

Report this User

Report this user for behavior that violates our Community Guidelines.

Details: